Harf-e-Shauq (Record no. 1230564)

MARC details
000 -LEADER
fixed length control field 00579nam a2200217Ia 4500
005 - DATE AND TIME OF LATEST TRANSACTION
control field 20241129111446.0
008 - FIXED-LENGTH DATA ELEMENTS--GENERAL INFORMATION
fixed length control field 241129s9999||||xx |||||||||||||| ||und||
020 ## - INTERNATIONAL STANDARD BOOK NUMBER
International Standard Book Number 9789386125873
037 ## - SOURCE OF ACQUISITION
Stock number TB
040 ## - CATALOGING SOURCE
Original cataloging agency CRL
Language of cataloging eng
Transcribing agency CRL
041 ## - LANGUAGE CODE
Language code of text/sound track or separate title urd
Source of code urd
084 ## - COLON CLASSIFICATION NUMBER
Classification number V2y7M17 168Q8
Assigning agency CRL
100 ## - MAIN ENTRY--PERSONAL NAME
Personal name Mukhtar Masood Au.
9 (RLIN) 724468
245 #0 - TITLE STATEMENT
Title Harf-e-Shauq
Statement of responsibility, etc. Mukhtar Masood Au.
260 ## - PUBLICATION, DISTRIBUTION, ETC.
Place of publication, distribution, etc. Delhi, India
Name of publisher, distributor, etc. M. R. Publications
Date of publication, distribution, etc. 2020
300 ## - PHYSICAL DESCRIPTION
Extent 561p.
365 ## - TRADE PRICE
Price type code INR
Price amount 675
650 ## - SUBJECT ADDED ENTRY--TOPICAL TERM
Topical term or geographic name entry element History
942 ## - ADDED ENTRY ELEMENTS (KOHA)
Koha item type Textbook
Classification part V2y7M17 168Q8
Holdings
Withdrawn status Lost status Damaged status Not for loan Home library Current library Date acquired Source of acquisition Cost, normal purchase price Inventory number Total Checkouts Full call number Barcode Date last seen Price effective from Koha item type
        Central Library Central Library 2024-11-29 Yash Publishers & Dist. 675.00 3111 & 14/02/2024   V2y7M17 168Q8 CL1681368 2024-11-29 2024-11-29 Textbook
Copyright @ Delhi University Library System